Handel und Marketing = Obchod a marketing : 10 lekcí obchodní němčiny pro strojaře /

Hlavní autor: Pišl, Milan
Jazyk: Němčina
Čeština
Vydáno: Opava : Open Agency, 2014
Vydání: Vyd. 1.
Edice: Open learning
Témata:
Fyzický popis: 2 sv. : il. (převážně barev.) ; 30 cm
Odebírané svazky: učebnice, příručka pro lektory
Knihy
Uloženo v:
LEADER 02702nam a2200685 aa4500
001 nkc20142566555
003 CZ PrNK
005 20191107151201.0
007 ta
008 140212s2014 xr a e pf 000 0 ger
015 |a cnb002566555 
020 |a 978-80-87628-23-2  |q (soubor) 
020 |a 978-80-87628-24-9  |q (učebnice ;  |q kroužková vazba) 
020 |a 978-80-87628-26-3  |q (příručka pro lektory ;  |q kroužková vazba) 
035 |a (OCoLC)872343262 
040 |a ABA001  |b cze 
041 0 |a ger  |a cze 
072 7 |a 811.112.2  |x Němčina  |2 Konspekt  |9 11 
072 7 |a 37.016  |x Učební osnovy. Vyučovací předměty. Učebnice  |2 Konspekt  |9 22 
080 |a 811.112.2  |2 MRF 
080 |a 621  |2 MRF 
080 |a 316.776  |2 MRF 
080 |a 005.91:82-6  |2 MRF 
080 |a 81'373.46  |2 MRF 
080 |a 81'24  |2 MRF 
080 |a (075)  |2 MRF 
080 |a (072)  |2 MRF 
100 1 |a Pišl, Milan  |7 mzk2011626072  |4 aut 
245 1 0 |a Handel und Marketing =  |b Obchod a marketing : 10 lekcí obchodní němčiny pro strojaře /  |c [autor Milan Pišl] 
246 3 1 |a Obchod a marketing 
250 |a Vyd. 1. 
260 |a Opava :  |b Open Agency,  |c 2014 
300 |a 2 sv. :  |b il. (převážně barev.) ;  |c 30 cm 
490 1 |a Open learning 
500 |a Příručka pro lektory nemá souběžný český název 
500 |a K výukovému souboru patří též online pracovní sešit (placený přístup) 
505 0 |a učebnice. 37 s. -- příručka pro lektory. 74 s. 
650 0 7 |a němčina  |7 ph115512  |2 czenas 
650 0 7 |a strojírenství  |7 ph126149  |2 czenas 
650 0 7 |a obchodní komunikace  |7 ph123556  |2 czenas 
650 0 7 |a obchodní korespondence  |7 ph115515  |2 czenas 
650 0 7 |a oborová terminologie  |7 ph138998  |2 czenas 
650 0 7 |a jazyková výuka  |7 ph162894  |2 czenas 
650 0 9 |a German language  |2 eczenas 
650 0 9 |a mechanical engineering  |2 eczenas 
650 0 9 |a communication in business  |2 eczenas 
650 0 9 |a commercial correspondence  |2 eczenas 
650 0 9 |a terminology (professional)  |2 eczenas 
650 0 9 |a language teaching and learning  |2 eczenas 
655 7 |a učebnice  |7 fd133770  |2 czenas 
655 7 |a metodické příručky  |7 fd132826  |2 czenas 
655 9 |a textbooks  |2 eczenas 
655 9 |a methodological manuals  |2 eczenas 
830 0 |a Open learning  |0 s 
910 2 |a BOA001  |b 4-1328.943  |s učebnice, příručka pro lektory 
990 |a BK 
995 |a 01 
991 |b 201407  |c NOV  |e n 
996 6 |b 2610596002  |c 4-1328.943  |d 1, učebnice  |v 1  |l MZK  |r Sklad / do 1 hodiny  |n 0  |p p.v.  |w 001432508  |u 000010  |a 1  |e BOA001  |j MZK50  |s P 
996 6 |b 2610596003  |c 4-1328.943  |d 2, příručka pro lektory  |v 2  |l MZK  |r Sklad / do 1 hodiny  |n 0  |p p.v.  |w 001432508  |u 000020  |a 1  |e BOA001  |j MZK50  |s P